Mann's pharmacovigilance /

Mann's Pharmacovigilance is the definitive reference for the science of detection, assessment, understanding and prevention of the adverse effects of medicines, including vaccines and biologics. Pharmacovigilance is increasingly important in improving drug safety for patients and reducing risk...

Πλήρης περιγραφή

Λεπτομέρειες βιβλιογραφικής εγγραφής
Άλλοι συγγραφείς: Andrews, Elizabeth B. (Επιμελητής έκδοσης), Moore, Nicholas (Επιμελητής έκδοσης)
Μορφή: Ηλ. βιβλίο
Γλώσσα:English
Έκδοση: Chichester, West Sussex, UK ; Hoboken, NJ : Wiley Blackwell, 2014.
Έκδοση:Third edition.
Θέματα:
Διαθέσιμο Online:Full Text via HEAL-Link
LEADER 06788nam a2200925 4500
001 ocn868511726
003 OCoLC
005 20170124071134.3
006 m o d
007 cr |||||||||||
008 140117s2014 enk ob 001 0 eng
010 |a  2014002242 
040 |a DLC  |b eng  |e rda  |e pn  |c DLC  |d YDX  |d MHW  |d N$T  |d DG1  |d CUS  |d UKMGB  |d YDXCP  |d OCLCF  |d NLGGC  |d E7B  |d CDX  |d EBLCP  |d DEBSZ  |d COO  |d OCLCQ  |d OCLCO  |d LOA  |d DG1  |d GrThAP 
016 7 |a 016697425  |2 Uk 
019 |a 875820397  |a 878148990  |a 960202546  |a 961516735  |a 962726974 
020 |a 9781118820148  |q (ePub) 
020 |a 1118820142  |q (ePub) 
020 |a 9781118820179  |q (Adobe PDF) 
020 |a 1118820177  |q (Adobe PDF) 
020 |a 9781118820186  |q (electronic bk.) 
020 |a 1118820185  |q (electronic bk.) 
020 |a 0470671041 
020 |a 9780470671047 
020 |z 9780470671047  |q (cloth) 
029 1 |a DEBSZ  |b 431662967 
029 1 |a GBVCP  |b 813902444 
029 1 |a NZ1  |b 15624996 
029 1 |a NZ1  |b 15920442 
029 1 |a AU@  |b 000052429159 
035 |a (OCoLC)868511726  |z (OCoLC)875820397  |z (OCoLC)878148990  |z (OCoLC)960202546  |z (OCoLC)961516735  |z (OCoLC)962726974 
042 |a pcc 
050 0 0 |a RM302.5 
060 1 0 |a QV 771 
072 7 |a BUS  |x 032000  |2 bisacsh 
072 7 |a SOC  |x 000000  |2 bisacsh 
082 0 0 |a 363.19/463  |2 23 
049 |a MAIN 
130 0 |a Pharmacovigliance. 
245 1 0 |a Mann's pharmacovigilance /  |c edited by Elizabeth B. Andrews, Nicholas Moore. 
250 |a Third edition. 
264 1 |a Chichester, West Sussex, UK ;  |a Hoboken, NJ :  |b Wiley Blackwell,  |c 2014. 
300 |a 1 online resource. 
336 |a text  |b txt  |2 rdacontent 
337 |a computer  |b c  |2 rdamedia 
338 |a online resource  |b cr  |2 rdacarrier 
500 |a Preceded by Pharmacovigilance / editors, Ronald D. Mann, Elizabeth B. Andrews. 2nd ed. c2007. 
504 |a Includes bibliographical references and index. 
588 0 |a Print version record and CIP data provided by publisher. 
520 |a Mann's Pharmacovigilance is the definitive reference for the science of detection, assessment, understanding and prevention of the adverse effects of medicines, including vaccines and biologics. Pharmacovigilance is increasingly important in improving drug safety for patients and reducing risk within the practice of pharmaceutical medicine. This new third edition covers the regulatory basis and the practice of pharmacovigilance and spontaneous adverse event reporting throughout the world. 
505 0 |a Cover; Title page; Copyright page; Contents; Contributors; Foreword; 1: Introduction: Updated from Second Edition; Background; Diagnosing Adverse Drug Reactions; Current Methods of Pharmacovigilance; Hypothesis-Generating Methods; Spontaneous Adverse Drug Reaction Reporting; Prescription-Event Monitoring; Other Hypothesis-Generating Methods; Hypothesis-Testing Methods; Conclusion; References; 2: History of Pharmacovigilance; Early History of Drug Safety; Recent History; Pre-1962; Turning Point: The Federal Food, Drug and Cosmetics Act; Gradual Increase in Regulatory Authority. 
505 8 |a Tectonic Shift: ThalidomidePost-Thalidomide Evolution of Regulation; United States of America; United Kingdom; Germany; Scandinavia; Japan; World Health Organization; France; Special Issues in Pharmacovigilance; Examples of Drugs that were Withdrawn from the Market; Bendectin; Thalidomide: Today's Approved Uses; Pharmacovigilance is Not Just for Regulators; References; Part I: The Regulatory Basis of Pharmacovigilance; 3: Legal Basis: European Union; Introduction; Reorganization of the European Union Regulatory System. 
505 8 |a Obligations of being a Marketing Authorization Holder and being Granted a Marketing AuthorizationSignal Detection and Risk Management; Reporting Requirements; Transparency and Communication; Pharmacovigilance Enforcement; Further Information about Proposed New Legislation and Guidelines; 4: Ethical Oversight, Consent, and Confidentiality; Introduction; Practical Implications of Ethical Oversight; The Privacy and Security of Health Data; The Linkage of Electronic Health Data; The Conduct of Scientifically Sound Studies; Ethical Oversight and Privacy Law and Resulting Dilemmas; The Common Rule. 
505 8 |a State LawsThe Health Insurance Portability and Accountability Act; Dilemmas Arising from the Health Insurance Portability and Accountability Act; Directions for Future Ethical Oversight and Privacy Provisions; References; 5: Pharmacovigilance-Related Topics at the Level of the International Conference on Harmonisation1; Introduction; The International Conference on Harmonisation Step Process; ICH Step 1: Development of Draft Consensus ICH Guideline or Recommendations; ICH Step 2: Confirmation of Six Party Consensus; ICH Step 3: Regulatory Consultation. 
505 8 |a ICH Step 4: Adoption of Tripartite ICH Guideline or RecommendationsICH Step 5: Implementation of ICH Guideline or Recommendations; Pharmacovigilance-Related International Conference on Harmonisation Topics; Topic ICH-E2A: Clinical Safety Data Management -- Definitions and Standards for Expedited Reporting; ICH-E2D Topic: Post-Approval Safety Management -- Definitions and Standards for Expedited Reporting; ICH-E2B Topic: Clinical Safety Data Management -- Data Elements for Transmission of Individual Case Safety Reports. 
505 8 |a ICH-E2C Topic: Clinical Safety Data Management -- Periodic Benefit-Risk Evaluation Report (PBRER). 
650 0 |a Pharmacovigilance. 
650 0 |a Drug-Related Side Effects and Adverse Reactions  |v classification. 
650 0 |a Internationality. 
650 0 |a Pharmacoepidemiology  |v Methods. 
650 0 |a Product Surveillance, Postmarketing. 
650 2 |a Pharmacovigilance. 
650 2 |a Drug-Related Side Effects and Adverse Reactions  |x classification. 
650 2 |a Internationality. 
650 2 |a Pharmacoepidemiology  |x methods. 
650 2 |a Product Surveillance, Postmarketing. 
650 4 |a Drug-Related Side Effects and Adverse Reactions  |x classification. 
650 4 |a Internationality. 
650 4 |a Pharmacoepidemiology  |x methods. 
650 4 |a Pharmacovigilance. 
650 4 |a Product Surveillance, Postmarketing. 
650 7 |a BUSINESS & ECONOMICS  |x Infrastructure.  |2 bisacsh 
650 7 |a SOCIAL SCIENCE  |x General.  |2 bisacsh 
650 7 |a Pharmacoepidemiology.  |2 fast  |0 (OCoLC)fst01060242 
655 4 |a Electronic books. 
655 0 |a Electronic books. 
700 1 |a Andrews, Elizabeth B.,  |e editor. 
700 1 |a Moore, Nicholas,  |e editor. 
776 0 8 |i Print version:  |b Third edition.  |d Chichester, West Sussex, UK : John Wiley & Sons Inc., 2014  |z 9780470671047  |w (DLC) 2014000062 
856 4 0 |u https://doi.org/10.1002/9781118820186  |z Full Text via HEAL-Link 
994 |a 92  |b DG1